| 000 | 00391nam a2200157Ia 4500 | ||
|---|---|---|---|
| 100 | _aLesikar/ Flatley | ||
| 650 | _aCommunication skills | ||
| 250 | _a9 | ||
| 942 | _cBK | ||
| 654 | _abusiness | ||
| 245 | _aBasic Business communication:Skills for empowering the internet generation | ||
| 260 |
_bTata Mc Graw hill _c2002 |
||
| 082 |
_a657.54 _bLES |
||
| 300 | _a592 | ||
| 546 | _aENGLISH | ||
| 999 |
_c21374 _d21374 |
||